000 05076nam a22006737a 4500
001 BRCA_9176
003 FranzMayer
005 20220809124320.0
008 220629b |||||||| |||| 00| 0 spa d
010 _a 2018381958
020 _a9786070289132
040 _aDLC
_bspa
_erda
_cDLC
041 _aspa
050 0 0 _aPN6268.T7
_bV53 2017
111 2 _aColoquio Internacional El Viajero y la Ciudad
_d2007 :
_cUniversidad Nacional Autónoma de México
_928377
245 1 3 _aEl viajero y la ciudad /
_ccoord. y ed., Miguel Ángel Castro ; colab. de Ana María Romero Valle.
250 _aPrimera edición.
264 1 _aCiudad de México :
_bUniversidad Nacional Autónoma de México, Instituto de Investigaciones Bibliográficas,
_c2017.
264 4 _c©2017
300 _a331 páginas :
_bil., mapas e imágenes fotográficas ;
_c23 cm
336 _atext
_btxt
_2rdacontent
337 _aunmediated
_bn
_2rdamedia
338 _avolume
_bnc
_2rdacarrier
500 _aUbicación: L60-N1
500 _aIncluye imagen de la Colección Franz Mayer (125 p.)
504 _aIncluye referencias bibliográficas
505 0 _t"El espectáculo que tenía ante mis ojos no respondía a mis expectativas": la ciudad y la decepción del viajero de Rousseau a René Caillé /
_rSylvain Venayre
505 0 _tParís-Londres: una tinta de vapor y de carbón. El adiós al viaje romántico y el nacimiento del reportaje urbano /
_rMarie-Ève Thérenty
505 0 _tDestino prescritos, transportes modernos y guías fastidiosos : la experiencia latinoamericano de las ciudades europeas a finales del siglo XIX /
_rLeonor García Millé
505 0 _tAndamios de la ilusión y del desengaño : mexicanos en París /
_rMiguel Ángel Castro
505 0 _tLa novela y el espacio : las aventuras de la aventura en Francia desde finales del siglo XVIII /
_rSylvain Venayre
505 0 _tViajes y ciudades ficticios en novelas del siglo XIX : Goethe, Keller, Flaubert, Verne /
_rDietrich Rall
505 0 _tImágenes de poder : claustros, cúpulas y campanarios /
_rMaría Esther Pérez Salas
505 0 _tLas transformaciones de un espacio público en la obra de los artistas viajeros, 1821-1850 /
_rMaría José Esparza Liberal
505 0 _tMúsicos viajeros : una visión de la música mexicana del siglo XIX escuchada e interprete por extranjeros /
_rMaría de los Ángeles Chapa Bezanilla
505 0 _tHacia los confines del asombro : viaje a Yucatán, 1841-1842 : John L. Stephens y Frederick Catherwood /
_rEugenio Aguirre
505 0 _tCarl Christian Sartorius : la vida cotidiana y política de la Ciudad de México en 1850 /
_rEdwin Alcántara
505 0 _tLa exaltación de la Ciudad de México por Niceto de Zamacois, 1855-1882 /
_rJosé Enrique Covarrubias
505 0 _tLa experiencia mexicana de tres militares del Segundo Imperio : Carl Khevenhüller, Henrik Eggers y James F. Elton /
_rAna María Romero Valle
505 0 _tDe Madrid a la Ciudad de México : epistolario de viaje de Adolfo Llanos Alcaraz a Manuel Ossorio y Bernard /
_rLilia Vieyra Sánchez
505 0 _tEl viajero como antihéroe : Eduard y Caecilie Seler /
_rRenata von Hanffstengel Pohlenz
505 0 _tUn indiano /
_rAurora Cano Andaluz
505 0 _t"No he hecho más que expresar las impresiones que causaban en mi alma los objetos nuevos para mí que veía en este viaje": Luis de la Rosa /
_rLaura Suárez de la Torre
505 0 _tMargarita Maza de Juárez : cartas desde Nueva York /
_rVicente Quirarte
505 0 _tAgustín Rivera visita Londres /
_rSergio López Mena
505 0 _tMexicanos en París : visión de la Ciudad Luz a partir de los diarios íntimos /
_rMiguel Rodríguez
505 0 _tLaura Méndez de Cuenca : crónicas de una viajera (sobre ciudades y costumbres en el extranjero) /
_rPablo Mora y Roberto Sánchez Sánchez
505 0 _tMiradas en tierra "yankee" : crónicas de viaje de Justo Sierra /
_rBlanca Estela Treviño
505 0 _tConociendo Estados Unidos : la correspondencia viajera entre Rafael Reynal y Carlos Gastelu (1832-1834) /
_rAna Rosa Suárez Argüello
520 _a"A lo largo de sus tres secciones "Viajes y ciudades", "Extranjeros en la Ciudad de México" y "Mexicanos en otras ciudades", este libro construye su horizonte a partir de diversas perspectivas de viajeros desde el siglo XVIII hasta principios del XX, e invita a pensar en la literatura de viaje como un mecanismo para ahondar en las posibilidades del autodescubrimiento, al explorar otras latitudes."
650 0 _aEscritos de viajeros
_ySiglo XIX
_xHistoria y critica
_vCongreso.
_928378
650 0 _aEscritos de viajeros
_ySiglo XIX
_xHistoria y crítica
_vCongresos.
_zMéxico
_928379
651 0 _aCiudad de México
_xAnécdotas
_xViajes
_928380
700 1 _aCastro, Miguel Angel,
_eeditor y coordinador
_928381
700 1 _aRomero Valle, Ana María,
_ecolaboradora
_928382
710 2 _aUniversidad Nacional Autónoma de México.
_bInstituto de Investigaciones Bibliográficas.
_928383
942 _2lcc
_cB
999 _c10795
_d10795